00644cam a22001937a 4500003000500000005001700005008004100022010001000063011001000073035001000083040000900093100003700102245008900139260004000228300001900268502009900287650003300386650003100419CHAP20220329135608.0971013s1995 mx a r 00010 spa d a39069 a40041 a44166 cCHAP00aHernández Benítez, Víctor.13aEl comercio exterior México - Chile 1982-1993c/por Víctor Hernández Benítez aChapingo, Méx. :bEl autor,c1995 a79 h. :bilus. aTesis (Ing. Agr. Esp. en Economía Agrícola) -- UACH. Departamento de Economía Agrícola14aComercio exteriorzMéxico.14aMéxicoxComerciozChile.